000 00658nam a2200265Ia 4500
005 20260121165534.0
008 008 260114s9999 xx 000 0 eng d
020 _a9783319495422
037 _aEBOOK
040 _aCRL
040 _beng
040 _cCRL
041 _2eng
041 _aeng
084 _qCRL
100 _aNicole Pfeffermann, Julie Gould
_91052962
245 0 _aStrategy and Communication for Innovation
260 _bSpringer
260 _bSpringer
260 _c2017
856 _uhttps://link.springer.com/openurl?genre=book&isbn=978-3-319-49542-2
942 _cEBOOK
999 _c1618688
_d1618688